[Event "Schachfestival 2014"]
[Site "Bad WÃ¶rishofen"]
[Date "2014.03.28"]
[Round "9.69"]
[White "Malchow, Uwe"]
[Black "Frei, Markus"]
[Result "0-1"]
[WhiteElo "1789"]
[BlackElo "1958"]
[Annotator "chessorg"]
[PlyCount "46"]
[EventDate "2014.??.??"]
[WhiteTeam "SK Altrip"]
[BlackTeam "Freibauer Moerlenbach-Birkenau"]

1. f4 d5 2. b3 Nf6 3. Bb2 e6 4. Nf3 Bd6 5. e3 O-O 6. Be2 c5 7. O-O Nc6 8. a3
Qe7 9. Qe1 e5 10. fxe5 Nxe5 11. Nh4 g6 12. Nf3 Neg4 13. Nc3 Bf5 14. Qh4 Bxc2
15. h3 Ne5 16. Ng5 h5 17. Nb5 Bb8 18. g4 Ne4 19. gxh5 Qxg5+ 20. Qxg5 Nxg5 21.
h4 Ne6 22. Rf6 Kg7 23. Raf1 Bf5 0-1

[Event "Schachfestival 2014"]
[Site "Bad WÃ¶rishofen"]
[Date "2014.03.28"]
[Round "9.73"]
[White "Engl, Heinz"]
[Black "Kleinhenz, Hans-Georg"]
[Result "1/2-1/2"]
[WhiteElo "2084"]
[BlackElo "1887"]
[Annotator "chessorg"]
[PlyCount "27"]
[EventDate "2014.??.??"]
[WhiteTeam "Blinden SC Muenchen"]
[BlackTeam "Stolberger Schachverein 1927"]

1. e4 e6 2. d4 d5 3. Nc3 Bb4 4. Nge2 dxe4 5. a3 Bxc3+ 6. Nxc3 Nf6 7. Bg5 O-O 8.
Nxe4 Nbd7 9. Qf3 h6 10. Bxf6 Nxf6 11. O-O-O Nxe4 12. Qxe4 Qd5 13. Qe3 Bd7 14.
Kb1 1/2-1/2

[Event "Schachfestival 2014"]
[Site "Bad WÃ¶rishofen"]
[Date "2014.03.28"]
[Round "9.86"]
[White "Pütz, Peter"]
[Black "Urban, Rudolf"]
[Result "1/2-1/2"]
[WhiteElo "1687"]
[BlackElo "1903"]
[Annotator "chessorg"]
[PlyCount "27"]
[EventDate "2014.??.??"]
[WhiteTeam "Schachverein Hennef 1927 e.V."]
[BlackTeam "SC Roter Turm Altstadt"]

1. c4 c5 2. Nc3 Nc6 3. Nf3 e6 4. d4 cxd4 5. Nxd4 d6 6. e3 Nf6 7. Be2 a6 8. O-O
Be7 9. b3 O-O 10. Bb2 Bd7 11. Bf3 Qc7 12. Rc1 Ne5 13. Be2 Nc6 14. Bf3 1/2-1/2

[Event "Schachfestival 2014"]
[Site "Bad WÃ¶rishofen"]
[Date "2014.03.28"]
[Round "9.92"]
[White "Schwarz, Susanne"]
[Black "D Aste, Federico"]
[Result "0-1"]
[WhiteElo "1374"]
[BlackElo "1479"]
[Annotator "chessorg"]
[PlyCount "46"]
[EventDate "2014.??.??"]
[WhiteTeam "Schachklub Germering e. V."]

1. c4 Nf6 2. d4 g6 3. Nc3 d5 4. c5 Nc6 5. Nf3 Bg7 6. g3 Bf5 7. Bg2 Nb4 8. O-O
O-O 9. Bd2 Nc2 10. Rc1 Nb4 11. a3 Nc6 12. b4 Qd7 13. Nh4 Bh3 14. Be3 Bxg2 15.
Nxg2 e5 16. dxe5 Nxe5 17. Nf4 c6 18. Bd4 Nc4 19. Nb1 g5 20. Ng2 Qh3 21. Bxf6
Bxf6 22. Qd3 Ne5 23. Nf4 gxf4 0-1